[Event "British Chess Championships 2023: First Rapidplay U1450"]
[Site "The Venue, De Montfort University, 20 Western Boulevard, Leicester, LE2 7BU"]
[Date "2023.07.21"]
[Round "7"]
[Board "2"]
[White "Clare, Philip"]
[Black "Butler, Rene"]
[Result "0-1"]
[WhiteElo "1371"]
[BlackElo "1359"]
[PlyCount "0"]
[EventDate "2023.07.21"]
[EventRounds "7"]
[EventCountry "ENG"]

1. c4 c5 2. Nc3 Nc6 3. g3 g6 4. Bg2 Bg7 5. e4 e5 6. Nge2 Nge7 7. O-O O-O 8. d3 d6
9. Be3 b6 10. Qd2 Bd7 11. Bh6 Bxh6 12. Qxh6 Qc8 13. f4 Nd4 14. Nd5 Nxe2+ 15. Kh1
Nxd5 16. cxd5 Bb5 17. f5 Kh8 18. Rf2 Bxd3 19. Bh3 Qd8 20. Raf1 Nxg3+ 21. hxg3 Bxf1
22. Bxf1 Qf6 23. Rh2 Qg7 24. Qg5 f6 25. Qh6  0-1

[Event "British Chess Championships 2023: First Rapidplay U1450"]
[Site "The Venue, De Montfort University, 20 Western Boulevard, Leicester, LE2 7BU"]
[Date "2023.07.21"]
[Round "7"]
[Board "3"]
[White "Patel, Diah"]
[Black "Van Neerven, Yvon"]
[Result "1-0"]
[WhiteElo "1331"]
[BlackElo "1228"]
[PlyCount "0"]
[EventDate "2023.07.21"]
[EventRounds "7"]
[EventCountry "ENG"]

1. e4 c6 2. d4 d5 3. e5 c5 4. c3 Bf5 5. Bb5+ Bd7 6. Bxd7+ Nxd7 7. Nf3 e6 8. O-O Qb6
9. b3 Rc8 10. Be3 Nh6 11. Nh4 Be7 12. Bxh6 gxh6 13. Qh5 cxd4 14. c4 dxc4 15. bxc4
Qb2 16. Na3 Qxa3 17. f4 Qe3+ 18. Kh1 Bxh4 19. Qxh4 d3 20. f5 Qxe5 21. fxe6 fxe6 22.
Rae1 Qd6 23. Qxh6 Kd8 24. Rxe6 Rf8 25. Qg5+ Kc7 26. Rfe1 Qf4 27. Qa5+ Kb8 28. h3
Qc7 29. Qb5 Nb6 30. Re7 a6 31. Qg5 Qf4 32. Qg7 Rc7 33. Rxc7 Qxc7 34. Qxf8+ Ka7 35.
Rd1 Qxc4 36. Qd8 Nd5 37. Qg5 Nc3 38. Qe3+ Ka8 39. Rxd3 Nd5 40. Qe8+ Ka7 41. Rd1 Nc3
42. Rc1 Qf4 43. Rxc3 Qf1+ 44. Kh2 Qf4+ 45. Rg3 h6 46. Qh5 Qd2 47. Qc5+  1-0

[Event "British Chess Championships 2023: First Rapidplay U1450"]
[Site "The Venue, De Montfort University, 20 Western Boulevard, Leicester, LE2 7BU"]
[Date "2023.07.21"]
[Round "7"]
[Board "4"]
[White "Vijayanand, Sanjai Rathinam"]
[Black "Ewart, Thomas"]
[Result "0-1"]
[WhiteElo "1226"]
[BlackElo "1002"]
[PlyCount "0"]
[EventDate "2023.07.21"]
[EventRounds "7"]
[EventCountry "ENG"]

1. e4 e5 2. Nc3 Nc6 3. Bc4 Bb4 4. d3 Nf6 5. Nge2 O-O 6. f4 d6 7. f5 Bd7 8. O-O Nd4
9. Bd2 Nxe2+ 10. Qxe2 Bxc3 11. Bxc3 b5 12. Bd5 Nxd5 13. exd5 c5 14. Qg4 g6 15. Qg3
b4 16. Bd2 a5 17. a4 Rb8 18. b3 Qc7 19. c4 bxc3 20. Bxc3 Rxb3 21. Bd2 c4 22. Rf3
Rxd3 23. Rxd3 cxd3 24. fxg6 fxg6 25. Qxd3 Qc5+ 26. Be3 Qb4 27. Bh6 Rc8 28. Rf1 Qd4+
29. Qxd4 exd4 30. h3 Bxa4 31. Ra1 Rc4 32. Rf1 Rc8 33. Rf4 Bb3 34. Rxd4 Rc5 35. Rf4
Rc8 36. Rd4 a4 37. Rd3 Bc4 38. Ra3 Bxd5 39. Rxa4 Rd8 40. Rd4 Bc6 41. Rf4 d5 42. Rd4
Re8 43. Rd3 Re4 44. Rf3 Re8 45. Rd3 Kf7 46. Rf3+ Ke6 47. Re3+ Kf5 48. Rf3+ Ke4 49.
Kf2 d4 50. Rf4+ Kd3 51. Rf3+ Bxf3 52. Kxf3 Kc3 53. Bg7 Kc4 54. Bxd4 Kxd4 55. g4 h5
56. Kg3 hxg4 57. hxg4 g5 58. Kf3 Re3+ 59. Kf2 Ke4 60. Kf1 Kf3 61. Kg1 Re2 62. Kf1
Ra2 63. Kg1 Rb2  0-1

[Event "British Chess Championships 2023: First Rapidplay U1450"]
[Site "The Venue, De Montfort University, 20 Western Boulevard, Leicester, LE2 7BU"]
[Date "2023.07.21"]
[Round "7"]
[Board "5"]
[White "Dean, Phil"]
[Black "Boothman, Jeffrey A"]
[Result "1-0"]
[WhiteElo "1278"]
[BlackElo "1352"]
[PlyCount "0"]
[EventDate "2023.07.21"]
[EventRounds "7"]
[EventCountry "ENG"]

1. e4 d6 2. d4 Nf6 3. Nc3 c6 4. Nf3 Qa5 5. Bd2 Qc7 6. Bc4 e6 7. Qe2 d5 8. exd5 cxd5
9. Bb5+ Bd7 10. O-O Bd6 11. Qd3 a6 12. Ba4 b5 13. Bb3 b4 14. Ne2 Bb5 15. Qe3 Ng4
16. Qg5 Nxh2 17. Qxg7 Nxf3+ 18. gxf3 Rf8 19. Rfe1 Nd7 20. Qxh7 O-O-O 21. Kf1 Rh8
22. Qxf7 Rdg8 23. Qxg8+ Rxg8 24. a4 Bxe2+ 25. Kxe2 Bf4 26. Bxb4 e5 27. Bxd5 exd4
28. Bxg8 Qc4+ 29. Bxc4  1-0

[Event "British Chess Championships 2023: First Rapidplay U1450"]
[Site "The Venue, De Montfort University, 20 Western Boulevard, Leicester, LE2 7BU"]
[Date "2023.07.21"]
[Round "7"]
[Board "6"]
[White "Krishna, Vedansh"]
[Black "Hilmi, Sofia"]
[Result "1/2-1/2"]
[WhiteElo "1013"]
[BlackElo "1128"]
[PlyCount "0"]
[EventDate "2023.07.21"]
[EventRounds "7"]
[EventCountry "ENG"]

1. d4 d5 2. Bf4 Nc6 3. Nf3 Nf6 4. e3 Bg4 5. Bb5 e6 6. h3 Bh5 7. c3 a6 8. Bxc6+ bxc6
9. Nbd2 Be7 10. Qa4 Bxf3 11. Qxc6+ Nd7 12. Nxf3 Rc8 13. Ne5 Bd6 14. Nxd7 Qxd7 15.
Qxd7+ Kxd7 16. Bxd6 Kxd6 17. O-O-O Rb8 18. f3 Rb6 19. e4 Rhb8 20. b3 Rc6 21. Kc2
f6 22. f4 Rb5 23. e5+ fxe5 24. fxe5+ Ke7 25. g4 Rb8 26. h4 Rf8 27. Rhf1 Ra8 28. h5
a5 29. g5 a4 30. b4 Rb8 31. a3 g6 32. hxg6 hxg6 33. Rh1 Rf8 34. Rh7+ Kd8 35. Rg7
Rf3 36. Rd3 Rf2+ 37. Kd1 Ra2 38. Rf3 Kc8 39. Rxg6 Rxa3 40. Rg8+ Kb7 41. g6 Raxc3
42. Rxc3 Rxc3 43. g7 Rg3 44. Kc2 Kc6  1/2-1/2

[Event "British Chess Championships 2023: First Rapidplay U1450"]
[Site "The Venue, De Montfort University, 20 Western Boulevard, Leicester, LE2 7BU"]
[Date "2023.07.21"]
[Round "7"]
[Board "7"]
[White "Ovens, James A"]
[Black "Ewart, Samuel"]
[Result "1-0"]
[WhiteElo "1234"]
[BlackElo "1086"]
[PlyCount "0"]
[EventDate "2023.07.21"]
[EventRounds "7"]
[EventCountry "ENG"]

1. b3 d6 2. Bb2 Nf6 3. Nf3 e5 4. e4 g6 5. Nc3 Bg7 6. d4 Nfd7 7. d5 O-O 8. h4 h5 9.
Ng5 Nf6 10. f3 c6 11. Bc4 b5 12. Be2 Bb7 13. Qd3 a6 14. O-O-O Bh6 15. Kb1 Re8 16.
g4 Re7 17. gxh5 Nxh5 18. Rhg1 Kh8 19. dxc6 Nxc6 20. Nd5 Rd7 21. f4 Nxf4 22. Nxf4
Kg8 23. Nd5 f6 24. Ne6 Nb4 25. Nxb4 Qe7 26. Rxg6+ Kh7 27. Rxh6+ Kxh6 28. Qe3+ Kh7
29. Bg4 Kg7  1-0